Catalog

Record Details

Catalog Search



Available copies

  • 1 of 1 copy available at LARL/NWRL Consortium.
  • 1 of 1 copy available at Northwest Regional Library. (Show preferred library)

Current holds

0 current holds with 1 total copy.

Show Only Available Copies
Location Call Number / Copy Notes Barcode Shelving Location Status Due Date
Barb Geer Memorial LINK Site FRI (Text) 35500003241740 Main Available -

Record details

  • ISBN: 0803495706
  • Physical Description: 185 p. ; 20 cm.
  • Publisher: New York : Avalon Books, 2002.

Content descriptions

General Note:
"An Avalon western"--Jkt.
Genre: Western stories.
LDR 00824nam a2200241Ia 4500
00145627
003LARL_NWRL_CONSORTIUM
00520021121170729.0
008021104s2002 nyu 000 1 eng d
020 . ‡a0803495706
035 . ‡a(OCoLC)50924808
040 . ‡aIMP ‡cIMP ‡dNRG
092 . ‡a813
099 . ‡aFRI
1001 . ‡aFriend, Charles E. ‡0(LARL_NWRL_CONSORTIUM)52980
24510. ‡aShannon's ride / ‡cCharles E. Friend.
260 . ‡aNew York : ‡bAvalon Books, ‡c2002.
300 . ‡a185 p. ; ‡c20 cm.
500 . ‡a"An Avalon western"--Jkt.
655 7. ‡aWestern stories. ‡2gsafd
901 . ‡a45627 ‡bOCLC ‡c45627 ‡tbiblio

Additional Resources